読みが2モーラの市町村名 - Statistics

General Stats
  • This quiz has been taken 174 times
  • The average score is 100 of 164
Answer Stats
都道府県 市町村 % Correct
三重県 - 伊勢市
84%
- 志摩市
82%
斜里郡 斜里町
81%
岐阜県 - 岐阜市
81%
奈良県 - 奈良市
81%
高知県 - 安芸市
81%
青森県 - むつ市
79%
- 伊賀市
79%
茨城県 - 水戸市
78%
- 加賀市
78%
京都府 - 宇治市
78%
- 土佐市
78%
- 伊豆市
77%
- あま市
77%
佐賀県 - 佐賀市
77%
芳賀郡 芳賀町
76%
千葉県 - 千葉市
76%
- 関市
76%
- 飛騨市
76%
山口県 - 宇部市
76%
秋田県 - 男鹿市
75%
- 多摩市
75%
石川県 - 珠洲市
75%
長野県 - 諏訪市
75%
- 宇陀市
75%
沖縄県 - 那覇市
75%
- 野田市
74%
岡山県 和気郡 和気町
74%
広島県 - 呉市
74%
- 萩市
74%
岩手県 - 久慈市
73%
那須郡 那須町
73%
- 佐渡市
73%
- 甲斐市
73%
- 伊那市
73%
- 美濃市
73%
- 土岐市
73%
愛媛県 - 伊予市
73%
- 名護市
73%
栃木県 - 佐野市
71%
- 日野市
71%
富山県 - 氷見市
70%
多気郡 多気町
70%
多可郡 多可町
70%
紗那郡 紗那村
69%
- 古河市
69%
鳳珠郡 能登町
69%
静岡県 - 富士市
69%
- 鳥羽市
69%
徳島県 - 阿波市
69%
熊本県 - 宇土市
69%
紫波郡 紫波町
68%
木曽郡 木曽町
68%
- 阿蘇市
68%
- 宇佐市
68%
周智郡 | 茅部郡 森町
67%
- 茅野市
67%
- 恵那市
67%
- 下呂市
67%
日野郡 | 蒲生郡 日野町
67%
阿武郡 阿武町
67%
- 鳥栖市
67%
加美郡 加美町
66%
東京都 - 北区
66%
神奈川県 - 逗子市
66%
- 小野市
66%
世羅郡 世羅町
66%
長崎県 - 壱岐市
66%
球磨郡 球磨村
66%
宮城県 - 登米市
65%
- 久喜市
65%
- 座間市
65%
木曽郡 木祖村
65%
- 可児市
65%
豊能郡 能勢町
65%
- 宇城市
65%
- 戸田市
64%
- 志木市
64%
山梨県 - 都留市
64%
滋賀県 - 野洲市
64%
兵庫県 - 三木市
64%
- 香美市
64%
大分県 - 日田市
64%
- 那珂市
63%
新潟県 - 加茂市
63%
埼玉県 - 加須市
62%
- 知多市
62%
与謝郡 伊根町
62%
八頭郡 八頭町
62%
土佐郡 土佐町
62%
- 能美市
60%
- 美祢市
60%
那賀郡 那賀町
60%
- 伊佐市
60%
- 佐久市
59%
玖珠郡 玖珠町
59%
北海道 | 福島県 - 伊達市
58%
北足立郡 伊奈町
58%
- 美馬市
58%
愛知県 - 瀬戸市
57%
美方郡 香美町
57%
島根県 隠岐郡 海士町
57%
玖珂郡 和木町
57%
- 古賀市
57%
田川郡 赤村
57%
- 小城市
57%
諏訪郡 原村
56%
大阪府 - 八尾市
56%
吾川郡 いの町
56%
- 多久市
56%
鹿児島県 - 曽於市
56%
稲敷郡 阿見町
55%
東蒲原郡 阿賀町
55%
犬上郡 多賀町
55%
鳥取県 八頭郡 智頭町
55%
- 養父市
54%
安芸郡 坂町
54%
宇陀郡 曽爾村
52%
余市郡 仁木町
51%
下北郡 佐井村
51%
隠岐郡 知夫村
51%
北松浦郡 佐々町
51%
猿島郡 五霞町
49%
羽咋郡 志賀町
49%
福岡県 - 八女市
49%
- 由布市
49%
山形県 飽海郡 遊佐町
48%
田村郡 小野町
48%
下都賀郡 野木町
48%
下伊那郡 阿智村
48%
- 御所市
48%
糟屋郡 志免町
48%
九戸郡 野田村
47%
稲敷郡 美浦村
47%
海部郡 牟岐町
47%
香川県 木田郡 三木町
47%
夕張郡 由仁町
46%
香取郡 多古町
45%
糟屋郡 宇美町
45%
宮城郡 利府町
44%
東筑摩郡 麻績村
44%
- 嘉麻市
44%
速水郡 日出町
43%
北相馬郡 利根町
42%
綴喜郡 井手町
42%
安芸郡 田野町
42%
宮崎県 東諸県郡 綾町
42%
児湯郡 都農町
41%
雄勝郡 羽後町
40%
伊予郡 砥部町
40%
下都賀郡 壬生町
38%
藤津郡 太良町
38%
下伊那郡 根羽村
37%
国頭郡 伊江村
37%
大島郡 知名町
36%
国頭郡 金武町
36%
和歌山県 日高郡 由良町
35%
高岡郡 津野町
35%
勝田郡 奈義町
34%
糟屋郡 須恵町
32%
高岡郡 越知町
27%
No matching quizzes found
Score Distribution
Percent of People with Each Score
Percentile by Number Answered
Your Score History
You have not taken this quiz